Les champions de Ligue 2 depuis 2000 - Statistiques

Statistiques générales
  • Ce quiz a été pris 117 fois
  • Le résultat moyen est 19 sur 24
Statistiques - réponses
Hint Réponse % Correct
2009 Lens
95%
2007 Metz
95%
2014 Metz
95%
2019 Metz
95%
2003 Toulouse
94%
2022 Toulouse
94%
2008 Le Havre
90%
2023 Le Havre
90%
2017 Strasbourg
87%
2015 Troyes
83%
2021 Troyes
83%
2013 Monaco
82%
2020 Lorient
80%
2005 Nancy
80%
2016 Nancy
80%
2002 Ajaccio
79%
2018 Reims
77%
2010 Caen
75%
2000 Lille
75%
2001 Sochaux
74%
2012 Bastia
73%
2004 St Etienne
67%
2011 Evian
56%
2006 Valenciennes
55%
Aucun quiz correspondant
Distribution des résultats
% des personnes avec chaque résultat
Percentile par nombre de réponses
Votre historique - résultats
Vous n’avez pas pris ce quiz